000 00310cam a2200121ua 4500
082 _a630.3
_bSUD/NE
100 _aSudell, Richard .
_91529
245 0 0 _aNew and Illustrated Gardening Encyclopaedia /
250 _a1 /
260 _aLondon :
_bOdhams Press Limited ,
_c1955.
300 _a672 ; .
942 _cREF
999 _c8977
_d8977